| 000 | 00929nas a2200277 4500 | ||
|---|---|---|---|
| 001 | BR0802760 | ||
| 003 | BR-BrBNA | ||
| 005 | 20231205112056.0 | ||
| 007 | ta | ||
| 008 | 230509b bl.|||p| |||| 00| 00por d | ||
| 040 |
_aBR-BrBNA _bpor _cBiblioteca Nacional de Agricultura |
||
| 041 | _a(En) | ||
| 072 | _aL60 | ||
| 100 | 1 | _aPepinelli, M. | |
| 100 | 1 | _aHamada, N. | |
| 100 | 1 | _aStrixino, S.T. | |
| 245 | 1 | _aLarval description of Simulium (Notolepria)cuasiexiguum and Simulium (Chirostilbia)obesum and new record of black fly species (Diptera: Simuliidae)in the states of São Paulo and Minas Gerais | |
| 650 | _aINSETO | ||
| 650 | _aMOSCA | ||
| 650 | _aDISTRIBUIÇÃO GEOGRÁFICA | ||
| 650 | _aMINAS GERAIS | ||
| 650 | _aSÃO PAULO | ||
| 773 | 0 |
_tNeotropical Entomology (Brazil) _xISSN 1519-566X _g(Sep-Oct 2006), v. 35(5) p. 698-704 _wBR0802760 |
|
| 909 |
_a202311 _bLúcia _c55 _dLúcia Elande |
||
| 942 |
_2AGRIS _n0 _cANA |
||
| 999 |
_c195960 _d195960 |
||